<?xml version="1.0" encoding="UTF-8"?>
<record
    xmlns:xsi="http://www.w3.org/2001/XMLSchema-instance"
    xsi:schemaLocation="http://www.loc.gov/MARC21/slim http://www.loc.gov/standards/marcxml/schema/MARC21slim.xsd"
    xmlns="http://www.loc.gov/MARC21/slim">

  <leader>00717nam a2200205Ia 4500</leader>
  <controlfield tag="003">OSt</controlfield>
  <controlfield tag="005">20260423144517.0</controlfield>
  <controlfield tag="008">210210b1985   xxu||||| |||| 00| 0 eng d</controlfield>
  <datafield tag="040" ind1=" " ind2=" ">
    <subfield code="c">AL</subfield>
  </datafield>
  <datafield tag="041" ind1=" " ind2=" ">
    <subfield code="a">Kannada</subfield>
  </datafield>
  <datafield tag="082" ind1=" " ind2=" ">
    <subfield code="a">330.95487K RAMS</subfield>
  </datafield>
  <datafield tag="100" ind1=" " ind2=" ">
    <subfield code="a">RAMESH (Be Go).</subfield>
    <subfield code="d">&#xCB0;&#xCAE;&#xCC7;&#xCB6;&#xCCD; (&#xCAC;&#xCBF; &#xC97;&#xCCB;)</subfield>
    <subfield code="9">262484</subfield>
  </datafield>
  <datafield tag="245" ind1=" " ind2=" ">
    <subfield code="a">Sampanmulagalu mattu kaigarikavakashagalu: Tumakuru Jille.</subfield>
    <subfield code="b">&#xCB8;&#xC82;&#xCAA;&#xCA8;&#xCCD;&#xCAE;&#xCC2;&#xCB2;&#xC97;&#xCB3;&#xCC1; &#xCAE;&#xCA4;&#xCCD;&#xCA4;&#xCC1; &#xC95;&#xCC8;&#xC97;&#xCBE;&#xCB0;&#xCBF;&#xC95;&#xCBE;&#xCB5;&#xC95;&#xCBE;&#xCB6;&#xC97;&#xCB3;&#xCC1;: &#xCA4;&#xCC1;&#xCAE;&#xC95;&#xCC2;&#xCB0;&#xCC1; &#xC9C;&#xCBF;&#xCB2;&#xCCD;&#xCB2;&#xCC6;</subfield>
  </datafield>
  <datafield tag="260" ind1=" " ind2=" ">
    <subfield code="a">Bengaluru</subfield>
    <subfield code="b">Ai Bi Ech Prakashana</subfield>
    <subfield code="c">1985</subfield>
  </datafield>
  <datafield tag="300" ind1=" " ind2=" ">
    <subfield code="a">44</subfield>
  </datafield>
  <datafield tag="650" ind1=" " ind2=" ">
    <subfield code="a">Tumkur Tumakuru</subfield>
    <subfield code="9">262485</subfield>
  </datafield>
  <datafield tag="690" ind1=" " ind2=" ">
    <subfield code="a">Economic Geography</subfield>
    <subfield code="9">262486</subfield>
  </datafield>
  <datafield tag="906" ind1=" " ind2=" ">
    <subfield code="a">038861</subfield>
  </datafield>
  <datafield tag="942" ind1=" " ind2=" ">
    <subfield code="2">ddc</subfield>
    <subfield code="c">BK</subfield>
  </datafield>
  <datafield tag="999" ind1=" " ind2=" ">
    <subfield code="c">88707</subfield>
    <subfield code="d">88707</subfield>
  </datafield>
  <datafield tag="952" ind1=" " ind2=" ">
    <subfield code="0">0</subfield>
    <subfield code="1">0</subfield>
    <subfield code="2">ddc</subfield>
    <subfield code="4">0</subfield>
    <subfield code="7">0</subfield>
    <subfield code="8">KAN</subfield>
    <subfield code="a">AL</subfield>
    <subfield code="b">AL</subfield>
    <subfield code="c">Economics</subfield>
    <subfield code="d">2021-02-17</subfield>
    <subfield code="g">2.00</subfield>
    <subfield code="l">0</subfield>
    <subfield code="o">330.95487K RAMS</subfield>
    <subfield code="p">038861</subfield>
    <subfield code="r">2021-02-17 00:00:00</subfield>
    <subfield code="w">2021-02-17</subfield>
    <subfield code="y">BK</subfield>
  </datafield>
</record>
